00457nam a2200181Ia 450000500170000000800410001702000180005804100080007608200150008410000130009924500260011226000410013830000090017944000060018850000290019465000280022370000240025120251121223256.0230125s9999 xx 000 0 und d a9788184958362 aeng a158.1bKHA aKhatri M aThe Law Of Attraction c2016bJaico Publishing HouseaMumbai a216p v1 aPersonality Development; aPersonality Development aKhatri M & Khatri I